|
|
|
|
| LEADER |
01162nam a2200253 a 4500 |
| 001 |
820369 |
| 008 |
091008s1971 nyua b 001 0 eng d |
| 010 |
|
|
|a \\\76160065
|
| 040 |
|
|
|a DLC
|c DLC
|d DLC
|
| 082 |
0 |
0 |
|a 370/.78
|2 18
|
| 245 |
0 |
0 |
|a Instructional product development /
|c Robert L. Baker [and] Richard E. Schutz, editors.
|
| 260 |
|
|
|a New York :
|b Van Nostrand Reinhold Co.,
|c 1971.
|
| 300 |
|
|
|a xxiii, 264 p. :
|b ill. ;
|c 23 cm.
|
| 500 |
|
|
|a Prepared under the auspices of the Southwest Regional Laboratory for Educational Research and Development.
|
| 504 |
|
|
|a Includes bibliographical references (p. 249-252) and index.
|
| 541 |
1 |
|
|e 00005155
|
| 650 |
|
0 |
|a Education
|x Research.
|
| 650 |
|
0 |
|a Educational innovations.
|
| 700 |
1 |
|
|a Baker, Robert Lee,
|d 1927-
|e ed.
|
| 700 |
1 |
|
|a Schutz, Richard E.,
|e ed.
|
| 710 |
2 |
|
|a Southwest Regional Laboratory for Educational Research and Development.
|
| 852 |
4 |
|
|a Ayesha Abed Library
|j General shelf
|
| 999 |
|
|
|c 4323
|d 4323
|
| 952 |
|
|
|0 0
|1 0
|2 ddc
|4 0
|6 370_780000000000000_INS_1971
|7 0
|9 3994
|a BRACUL
|b BRACUL
|c GEN
|d 2009-10-08
|g 0.00
|l 0
|o 370.78 INS
|p 3010005155
|r 2009-10-08
|t 1
|w 2009-10-08
|y BK
|x No price found in the accession register.
|